The fine structure of the solar chromosphere (Record no. 7454)

MARC details
000 -LEADER
fixed length control field 00888nam a2200229Ia 4500
003 - CONTROL NUMBER IDENTIFIER
control field IN-BaIIA
008 - FIXED-LENGTH DATA ELEMENTS--GENERAL INFORMATION
fixed length control field 211028s9999 xx 000 0 eng d
040 ## - CATALOGING SOURCE
Transcribing agency IIA Library
080 ## - UNIVERSAL DECIMAL CLASSIFICATION NUMBER
Universal Decimal Classification number 523.945(063)
Item number KIE
111 ## - MAIN ENTRY--MEETING NAME
Meeting name or jurisdiction name as entry element Colloquium on the Fine Structure of the Solar Chromosphere
Location of meeting Anacapri
Date of meeting or treaty signing 1966 June 6 – 8
9 (RLIN) 12729
245 #4 - TITLE STATEMENT
Title The fine structure of the solar chromosphere
Remainder of title colloquium at the german solar observatory Anacapri 6 – 8 June. 1966
Statement of responsibility, etc. edited by K. O. Kipenhever
260 ## - PUBLICATION, DISTRIBUTION, ETC.
Place of publication, distribution, etc. Wiesbaden
Name of publisher, distributor, etc. Franz Steiner Verlag
Date of publication, distribution, etc. 1966
300 ## - PHYSICAL DESCRIPTION
Extent 149p.
500 ## - GENERAL NOTE
General note Donated by Mrs. Bappu
650 ## - SUBJECT ADDED ENTRY--TOPICAL TERM
Topical term or geographic name entry element Active Sun
9 (RLIN) 5272
650 ## - SUBJECT ADDED ENTRY--TOPICAL TERM
Topical term or geographic name entry element Astronomy and Astrophysics Thesaurus
650 ## - SUBJECT ADDED ENTRY--TOPICAL TERM
Topical term or geographic name entry element Solar Activity
9 (RLIN) 1424
650 ## - SUBJECT ADDED ENTRY--TOPICAL TERM
Topical term or geographic name entry element Solar Atmosphere
9 (RLIN) 4799
700 ## - ADDED ENTRY--PERSONAL NAME
Personal name Kipenhever, K. O., ed.
9 (RLIN) 12730
710 ## - ADDED ENTRY--CORPORATE NAME
Corporate name or jurisdiction name as entry element German solar observatory
9 (RLIN) 12731
942 ## - ADDED ENTRY ELEMENTS (KOHA)
Koha item type Books
Holdings
Withdrawn status Lost status Damaged status Not for loan Home library Current library Shelving location Date acquired Total Checkouts Full call number Barcode Date last seen Price effective from Koha item type
        IIA Library-Bangalore IIA Library-Bangalore General Stacks 11/07/1983   523.945(063)/ KIE 8265 05/11/2021 11/07/1983 Books

Powered by Koha